Online
Catalog

Matemáticas financieras / (Record no. 21002)

MARC details
000 -CABECERA
campo de control de longitud fija 01099nam a2200205 a 4500
001 - NÚMERO DE CONTROL
campo de control 000021502
005 - FECHA Y HORA DE LA ÚLTIMA TRANSACCIÓN
campo de control 20200930011341.0
008 - DATOS DE LONGITUD FIJA--INFORMACIÓN GENERAL
campo de control de longitud fija 100908s1976 dr r 000 0 spa d
040 ## - FUENTE DE LA CATALOGACIÓN
Centro catalogador/agencia de origen DO-SdBNP
Lengua de catalogación spa
Centro/agencia transcriptor BNPHU
082 ## - NÚMERO DE LA CLASIFICACIÓN DECIMAL DEWEY
Número de clasificación 510.2433
Número de documento/Ítem L865m
100 1# - ENTRADA PRINCIPAL--NOMBRE DE PERSONA
Nombre de persona Lora R., Ricardo Antonio
9 (RLIN) 44817
245 10 - MENCIÓN DE TÍTULO
Título Matemáticas financieras /
Mención de responsabilidad, etc. Ricardo Antonio Lora R.
260 ## - PUBLICACIÓN, DISTRIBUCIÓN, ETC.
Lugar de publicación, distribución, etc. Santo Domingo :
Nombre del editor, distribuidor, etc. Taller,
Fecha de publicación, distribución, etc. 1976.
300 ## - DESCRIPCIÓN FÍSICA
Extensión 260 p. :
Otras características físicas graf. ;
Dimensiones 25 cm.
505 0# - NOTA DE CONTENIDO CON FORMATO
Nota de contenido con formato Los números. Repaso de algunas operaciones - Exponentes. Logaritmos; concepto, tabla y su uso - Algunas nociones de estadística - Depreciación - Descuento comercial - Calculo de precios y beneficio - Interés simple - Valor actual u descuento bancario - Interés compuesto - Anualidades vencidas u ordinarias - Anualidades anticipadas y diferidas - Amortización - Bonos. Algunas operaciones - Caso general de las anualidades ciertas.
590 ## - NOTA LOCAL (RLIN)
Nota local Inventariado, 2018/BT
650 #4 - PUNTO DE ACCESO ADICIONAL DE MATERIA--TÉRMINO DE MATERIA
Término de materia o nombre geográfico como elemento de entrada Matemáticas financieras
9 (RLIN) 7099
650 #4 - PUNTO DE ACCESO ADICIONAL DE MATERIA--TÉRMINO DE MATERIA
Término de materia o nombre geográfico como elemento de entrada Matemáticas financieras
Subdivisión general Problemas, ejercicios, etc.
9 (RLIN) 7100
910 ## - DATOS DE OPCIÓN DEL USUARIO (OCLC)
Datos de opción del usuario Validado. Control de calidad. MFF
Holdings
Estado de retiro Estado de pérdida Restricciones de uso No para préstamo Código de colección Localización permanente Ubicación/localización actual Ubicación en estantería Fecha de adquisición Número de inventario Total de préstamos Signatura topográfica completa Código de barras Fecha visto por última vez Número de copia Precio válido a partir de Tipo de ítem Koha
        Dominicana de Servicio General General Depósito 02.02.2011 LF1   510.2433 L865m 21502-30 25.06.2020 e. 3 25.06.2020 Libro y Folleto Colección Dominicana de Servicio
        Dominicana de Servicio General General Depósito 18.04.2011 LF1   510.2433 L865m 21502-50 25.06.2020 e. 4 25.06.2020 Libro y Folleto Colección Dominicana de Servicio
      Excluido de préstamo Patrimonio Dominicano Patrimonio Dominicano Patrimonio Dominicano Depósito 08.09.2010 LF1   510.2433 L865m 21502-10 25.06.2020   25.06.2020 Libro y Folleto Colección Patrimonio Dominicano
      Excluido de préstamo Patrimonio Dominicano Patrimonio Dominicano Patrimonio Dominicano Depósito 27.01.2011 LF1   510.2433 L865m 21502-20 25.06.2020 e. 2 25.06.2020 Libro y Folleto Colección Patrimonio Dominicano

Powered by Koha